000
00228nam a22000857a 4500
008
161217b xxu||||| |||| 00| 0 eng d
100
_9
2110
_a
Bacon.T
245
_a
The Ultimate Guitar Book
260
_a
New York
_b
Dorling Kindersley
_c
1991
999
_c
4995
_d
4995